| 000 | 00592nam a22001577a 4500 | ||
|---|---|---|---|
| 008 | 170428b xxu||||| |||| 00| 0 eng d | ||
| 082 |
_22016 _aUT 0776 _bG33 |
||
| 100 |
_920582 _aGeyrozaga, John David P. |
||
| 245 |
_aExtent of Cigarette Smoking Among The Criminology Students in UM Digos College. _cJhon David P. Geyrozaga, Lovely A. Mahusay and Nedie M. Ecoy. |
||
| 300 |
_a41 pages; _b29 cm. |
||
| 650 | 0 |
_920583 _aCriminology _xUndergraduate Thesis. |
|
| 700 |
_920586 _aGeyrozaga, John David P. |
||
| 700 |
_920587 _aMahusay, Lovely A. |
||
| 700 |
_920588 _aEcoy, Nedie M. |
||
| 942 |
_2ddc _cUT |
||
| 999 |
_c6794 _d6794 |
||